| 000 | 00643nam a2200193 u 4500 | ||
|---|---|---|---|
| 005 | 20210223130349.0 | ||
| 008 | 080130s2006 es r 000 0 spa d | ||
| 020 | _a8441322341 | ||
| 035 | _aUPN01000153961 | ||
| 049 | _aC | ||
| 050 | 4 |
_aN5300 H5.7 _bD4.7 |
|
| 245 | 0 | 0 | _aDel simbolismo al surrealismo. |
| 260 |
_aBarcelona, Esp. : _bFolio, _c2006. |
||
| 300 |
_a71 p. : _bil. col. |
||
| 440 | 0 | _aHistoria del Arte | |
| 505 | 8 |
_aContenido: _tSimbolismo y art nouveau -- _tFauvismo y expresionismo -- _tCubismo y futurismo -- _tArte abstracto -- _tDadaĆsmo y surrealismo |
|
| 650 | 4 |
_aARTE - _xHISTORIA - _vENCICLOPEDIAS _92485 |
|
| 905 | _aLibro | ||
| 999 |
_c126082 _d126082 |
||